| 000 | 00873cam a2200253 i 4500 | ||
|---|---|---|---|
| 020 | _a9780702051456 (pbk) | ||
| 020 | _a9780702051463 (international) | ||
| 042 | _apcc | ||
| 082 | 0 | 0 |
_a618.2 _bMAR |
| 100 | _aMarshall Jayne , Raynor Maureen | ||
| 245 | 1 | 0 | _aMyles textbook for midwives. |
| 250 | _aSixteenth edition / | ||
| 264 | 1 |
_aEdinburgh ; _aNew York : _bSaunders/Elsevier, _c2014. |
|
| 300 |
_axvii, 780 pages : _billustrations (some color) ; _c26 cm |
||
| 336 |
_atext _btxt _2rdacontent |
||
| 337 |
_aunmediated _bn _2rdamedia |
||
| 338 |
_avolume _bnc _2rdacarrier |
||
| 500 | _aRevision of: Textbook for midwives. | ||
| 500 | _aIncludes bibliographical references and index. | ||
| 650 | 0 | _aMidwifery. | |
| 906 |
_a7 _bcbc _corigcop _d2 _encip _f20 _gy-gencatlg _gimdc inc |
||
| 942 |
_2ddc _cBK |
||
| 999 |
_c13537 _d13537 |
||